000 004210000a22000970004500
245 1 0 _aAlta velocidad para la academia colombiana
300 _aVol.0, núm.4 (marzo-mayo, 2005), Página 5
520 _aEn 2005 la comunidad académica, investigativa y científica del país accede a redes avanzadas. Ello le permite conectarse con sus pares en el mundo.
773 0 _tEducación superior : Boletín informativo
942 _cANA
999 _c61182
_d61182